[Event "Hamburg sim"]
[Site "Hamburg"]
[Date "2005.10.03"]
[Round "6"]
[White "Shirov, Alexei"]
[Black "Kittlitz, Martin"]
[Result "1-0"]
[WhiteElo "2705"]
[BlackElo "2127"]
[PlyCount "103"]
[EventDate "2005.10.03"]
[EventType "simul"]
[EventRounds "1"]
[EventCountry "GER"]
[SourceTitle "EXT 2009"]
[Source "ChessBase"]
[SourceDate "2008.11.26"]
[SourceVersion "1"]
[SourceVersionDate "2008.11.26"]
[SourceQuality "1"]

1. e4 c5 2. Nf3 e6 3. d4 cxd4 4. Nxd4 Nc6 5. Nc3 Qc7 6. Be3 a6 7. Qd2 Nxd4 8. Bxd4 Ne7 9. Qe3 b5 10. 0-0-0 Bb7 11. f4 Rc8 12. Bd3 Nc6 13. Bb6 Qb8 14. Kb1 Bb4 15. Ne2 Ba5 16. Bxa5 Nxa5 17. Ng3 h5 18. f5 h4 19. Ne2 Qe5 20. Qb6 Qc7 21. Qd4 e5 22. Qe3 f6 23. g4 hxg3 24. hxg3 Ke7 25. g4 Qb8 26. g5 d6 27. gxf6+ gxf6 28. Qg3 Kd7 29. Qg7+ Kc6 30. Qxf6 Kb6 31. Qg5 Ka7 32. f6 Nc6 33. f7 Rhf8 34. Rdf1 Rc7 35. Rh7 Qd8 36. Qg1+ Kb8 37. Rg7 Rc8 38. Qg6 Qd7 39. Rf6 Kc7 40. a3 Rcd8 41. Nc3 Nb8 42. Be2 Qh3 43. Bg4 Qh1+ 44. Ka2 Qg2 45. Rg8 Qxc2 46. Rxf8 Rxf8 47. Qg7 b4 48. Qxf8 b3+ 49. Ka1 Qc1+ 50. Nb1 Bxe4 51. Qxd6+ Kb7 52. Qb4+ 1-0